| 000 | 00880nam a2200217Ia 4500 | ||
|---|---|---|---|
| 003 | GCL | ||
| 008 | 140319s9999 xx 000 0 ara d | ||
| 040 |
_aGCL / _cGCL |
||
| 082 | 0 | 4 |
_a811.1 _bا ش |
| 100 | 1 | _aاسامة صلاح الدين منمينة | |
| 245 | 1 | 0 |
_aشرح ديوان امرى القيس: ويلية اخبار المراقسة و اشعارهم و اخبار النوابغ و اثارهم فى الجاهلية وصدر الاسلام / _cاسامة صلاح الدين منمينة |
| 700 | 1 | _aحسن السندوبى (تجميع) | |
| 700 | 1 | _aامرؤ القيس، امرؤ القيس بن حجر، 479-545م | |
| 260 |
_a[S.N] : _bدار احياء العلوم ، _c1990 |
||
| 300 | _a478 ص | ||
| 490 | _a | ||
| 650 | 0 | 4 | _aالشعر العربى |
| 650 | 0 | 4 | _aالادب العربى |
| 650 | 0 | 4 | _aدواوين وقصائد |
| 942 |
_2ddc _cBK |
||
| 999 |
_c35086 _d35086 |
||